000 00585nam a2200193 a 4500
001 21600
003 CO-ViMGA
008 141112s2004 ck r 000 u spa d
020 _a1930332440
040 _aCO-ViMGA
_bspa
_cCO-ViMGA
082 0 4 _aDACdi
100 1 _aDa Coll, Ivar
245 1 0 _aEl día de los muertos
260 _aMexico :
_bLectorum,
_c2003
300 _a34
590 _aForma de adquisición : Donación fact. 8852 - - Precio : 59000 - - Proveedor : Fundación exito - - Fecha de adquisición : Junio 2007
650 1 4 _aCUENTOS INFANTILES
_92743
942 _2ddc
_cBK
999 _c30175
_d30175